000 00516nam a2200181Ia 4500
008 090123s9999 xx 000 0 und d
082 _b31540
100 _aपटवर्धन रमेश
245 _aघरवापसी
250 _a1
260 _bसमाधी प्रकाशन
_c2000
300 _a140
600 _aपटवर्धन रमेश
630 _aघरवापसी
700 _aपटवर्धन रमेश
730 _aघरवापसी
942 _cBOOK
999 _c69599
_d69599